[Event "Bogota Novatos U20"]
[Site "Bogota"]
[Date "2008.05.25"]
[Round "7.5"]
[White "Torres, Anibal"]
[Black "Vasquez Ayola, John"]
[Result "0-1"]
[WhiteElo "2044"]
[BlackElo "1608"]
[PlyCount "52"]
[EventDate "2008.05.23"]
[EventType "swiss"]
[EventRounds "7"]
[EventCountry "COL"]
[SourceTitle "EXT 2024"]
[Source "ChessBase"]
[SourceDate "2023.10.10"]
[SourceVersion "1"]
[SourceVersionDate "2023.10.10"]
[SourceQuality "1"]

1. d4 Nf6 2. c4 e6 3. Nc3 Bb4 4. Nf3 Ne4 5. Bd2 Bxc3 6. Bxc3 Nxc3 7. bxc3 c5 8. d5 d6 9. e4 e5 10. Qb3 Nd7 11. a4 0-0 12. Bd3 Nf6 13. 0-0 Bg4 14. Nd2 Nh5 15. Rfb1 f5 16. f3 Bh3 17. Qd1 Qg5 18. Bf1 Nf4 19. g3 Bxf1 20. Kxf1 Nh3 21. Kg2 Nf4+ 22. Kh1 Nh3 23. Qe2 f4 24. g4 h5 25. Qg2 hxg4 26. Qxg4 Nf2+ 0-1

[Event "Bogota Novatos U20"]
[Site "Bogota"]
[Date "2008.05.24"]
[Round "3.10"]
[White "Camargo, Santiago"]
[Black "Torres, Anibal"]
[Result "1-0"]
[WhiteElo "2175"]
[BlackElo "1649"]
[PlyCount "61"]
[EventDate "2008.05.23"]
[EventType "swiss"]
[EventRounds "7"]
[EventCountry "COL"]
[SourceTitle "EXT 2024"]
[Source "ChessBase"]
[SourceDate "2023.10.10"]
[SourceVersion "1"]
[SourceVersionDate "2023.10.10"]
[SourceQuality "1"]

1. e4 c6 2. d4 d5 3. Nc3 dxe4 4. Nxe4 Bf5 5. Ng3 Bg6 6. Nf3 h6 7. h4 Nf6 8. h5 Bh7 9. Bd3 Bxd3 10. Qxd3 e6 11. Bf4 Nbd7 12. 0-0-0 Qa5 13. Kb1 Nd5 14. Bd2 Qc7 15. Rhe1 Bd6 16. Ne4 Be7 17. a3 b5 18. g4 a5 19. g5 hxg5 20. Nexg5 Rxh5 21. Nxe6 fxe6 22. Qg6+ Kd8 23. Qxh5 a4 24. Rxe6 b4 25. Rde1 bxa3 26. Qh8+ Nf8 27. Rxe7 Qxe7 28. Rxe7 Kxe7 29. Qxg7+ Ke8 30. Ne5 axb2 31. Qf7+ 1-0

[Event "Bogota Novatos U20"]
[Site "Bogota"]
[Date "2008.05.24"]
[Round "4"]
[White "Torres, Anibal"]
[Black "Valencia Gantiva, Cristian"]
[Result "1-0"]
[WhiteElo "1649"]
[BlackElo "2070"]
[PlyCount "55"]
[EventDate "2008.05.23"]
[EventType "swiss"]
[EventRounds "7"]
[EventCountry "COL"]
[SourceTitle "EXT 2024"]
[Source "ChessBase"]
[SourceDate "2023.10.10"]
[SourceVersion "1"]
[SourceVersionDate "2023.10.10"]
[SourceQuality "1"]

1. d4 Nf6 2. c4 g6 3. Nc3 Bg7 4. e4 d6 5. Be2 0-0 6. Be3 e5 7. d5 a5 8. Nf3 Na6 9. a3 Nc5 10. Bxc5 dxc5 11. 0-0 Re8 12. Qc2 Nh5 13. Rad1 Nf4 14. Rfe1 Nxe2+ 15. Rxe2 Bg4 16. Re3 f5 17. h3 f4 18. Red3 Bxf3 19. Rxf3 Qf6 20. Nb5 Rac8 21. d6 c6 22. d7 cxb5 23. dxe8Q+ Rxe8 24. cxb5 Qb6 25. Qc4+ Kh8 26. Rd7 Rg8 27. Rfd3 h5 28. R3d6 1-0

[Event "Bogota Novatos U20"]
[Site "Bogota"]
[Date "2008.05.23"]
[Round "1"]
[White "Salcedo, Jackeline"]
[Black "Torres, Anibal"]
[Result "0-1"]
[WhiteElo "2129"]
[BlackElo "1649"]
[PlyCount "106"]
[EventDate "2008.05.23"]
[EventType "swiss"]
[EventRounds "7"]
[EventCountry "COL"]
[SourceTitle "EXT 2024"]
[Source "ChessBase"]
[SourceDate "2023.10.10"]
[SourceVersion "1"]
[SourceVersionDate "2023.10.10"]
[SourceQuality "1"]

1. c4 Nf6 2. g3 e6 3. Bg2 c6 4. Nc3 d5 5. cxd5 cxd5 6. Nf3 Nc6 7. d4 Bb4 8. 0-0 0-0 9. Bg5 Be7 10. Re1 h6 11. Bf4 a6 12. e4 dxe4 13. Nxe4 Nd5 14. Be3 Bd7 15. Qb3 Na5 16. Qd1 Qb6 17. Ne5 Qd8 18. Qd2 Nc6 19. Nxd7 Qxd7 20. Nc5 Bxc5 21. dxc5 Rad8 22. Bxd5 Qxd5 23. Qxd5 Rxd5 24. Rad1 Rfd8 25. Rxd5 Rxd5 26. Re2 Nd4 27. Bxd4 Rxd4 28. Rc2 Kf8 29. Kf1 Ke7 30. Ke2 Kd7 31. Rd2 Rxd2+ 32. Kxd2 Kc6 33. b4 a5 34. a3 e5 35. Kc3 Kd5 36. f3 f5 37. Kd3 g5 38. h3 axb4 39. axb4 h5 40. Kc3 e4 41. fxe4+ fxe4 42. g4 h4 43. Kd2 Kd4 44. Ke2 Kc4 45. Ke3 Kxb4 46. Kxe4 Kxc5 47. Kd3 b5 48. Kc3 Kd5 49. Kb4 Ke4 50. Kxb5 Kf3 51. Kc4 Kg3 52. Kd3 Kxh3 53. Ke3 Kxg4 0-1